[Event "FBL W"]
[Site "Deutschland"]
[Date "2010.03.13"]
[Round "6.1"]
[White "Ivannikova, Svetlana"]
[Black "Apkhaidze, Natia"]
[Result "1/2-1/2"]
[WhiteElo "2159"]
[BlackElo "2184"]
[PlyCount "81"]
[EventDate "2009.11.07"]
[EventType "team"]
[EventCountry "GER"]
[WhiteTeam "Dortmunder Schachverein 1875"]
[BlackTeam "Schachclub Steinfurt 1996"]

1. d4 Nf6 2. Bf4 d6 3. e3 g6 4. Nf3 Bg7 5. c4 Nbd7 6. Nc3 O-O 7. Be2 c5 8. O-O
h6 9. d5 Nh5 10. Qc2 Nxf4 11. exf4 Nf6 12. Bd3 Nh5 13. f5 Nf4 14. fxg6 fxg6 15.
Bxg6 Qd7 16. Bh7+ Kh8 17. Nh4 Qg4 18. Ng6+ Kxh7 19. Nxf8+ Kg8 20. f3 Bd4+ 21.
Kh1 Qg7 22. Ne6 Nxe6 23. dxe6 Bxe6 24. Nd5 Rf8 25. Rae1 Bxd5 26. cxd5 Bxb2 27.
Re4 Be5 28. Rh4 b5 29. Qe2 Kh8 30. Qxb5 Qg5 31. Qc4 Rb8 32. Rg4 Qh5 33. h3 Qf7
34. Qd3 Rb2 35. Rb1 Qxd5 36. Qg6 Rxb1+ 37. Qxb1 Qf7 38. f4 Bg7 39. Qb8+ Kh7 40.
Qb1+ Kh8 41. Qb8+ 1/2-1/2

[Event "FBL W"]
[Site "Deutschland"]
[Date "2010.03.13"]
[Round "6.2"]
[White "Sarana Hungeling, Oksana"]
[Black "Mass, Elvira"]
[Result "1-0"]
[WhiteElo "2237"]
[BlackElo "1981"]
[PlyCount "89"]
[EventDate "2009.11.07"]
[EventType "team"]
[EventCountry "GER"]
[WhiteTeam "Schachclub Steinfurt 1996"]
[BlackTeam "Dortmunder Schachverein 1875"]

1. d4 d5 2. c4 e6 3. Nc3 c6 4. e3 Bd6 5. Nf3 f5 6. Ne5 Nf6 7. Bd3 Nbd7 8. f4
O-O 9. O-O Ne4 10. Rb1 Ndf6 11. Bd2 Bd7 12. Be1 Bxe5 13. dxe5 Ng4 14. Qe2 Qb6
15. Bxe4 dxe4 16. Bf2 Nh6 17. Rfd1 Rfd8 18. Bh4 Ng4 19. Bxd8 Rxd8 20. Rd4 Be8
21. Rbd1 Rxd4 22. Rxd4 Nh6 23. Qd2 Nf7 24. Na4 Qc7 25. c5 b6 26. b4 b5 27. Nb2
a6 28. a4 Qe7 29. Nd1 Qh4 30. axb5 axb5 31. Nf2 g5 32. g3 Qh5 33. g4 Qg6 34.
Kh1 gxf4 35. exf4 h5 36. gxf5 exf5 37. Nd1 Qh6 38. Qf2 h4 39. Ne3 Qh5 40. Rd1
Kf8 41. Rg1 Bd7 42. Ra1 Qh6 43. Ra8+ Ke7 44. Ra7 h3 45. Nxf5+ 1-0

[Event "FBL W"]
[Site "Deutschland"]
[Date "2010.03.13"]
[Round "6.1"]
[White "Bluebaum, Johanna"]
[Black "Smirnova, Marina"]
[Result "0-1"]
[WhiteElo "1963"]
[BlackElo "2098"]
[PlyCount "83"]
[EventDate "2009.11.07"]
[EventType "team"]
[EventCountry "GER"]
[WhiteTeam "SC Braunschweig Gliesmarode von"]
[BlackTeam "SK Kaltenkirchen"]

1. d4 Nf6 2. c4 e6 3. Nc3 Bb4 4. Qc2 c5 5. dxc5 Bxc5 6. Nf3 d5 7. cxd5 Nxd5 8.
Nxd5 Qxd5 9. e4 Qc6 10. Bd3 Bb4+ 11. Bd2 Qxc2 12. Bxc2 Bxd2+ 13. Nxd2 O-O 14.
O-O b5 15. e5 Bb7 16. Ne4 Nd7 17. Nd6 Bd5 18. Rfe1 a6 19. Be4 Nb6 20. Rac1 Ra7
21. b3 Rd8 22. g3 h6 23. Rc2 f6 24. Bg6 fxe5 25. Rec1 Kf8 26. Ne4 Ke7 27. Kf1
Ba8 28. Rc7+ Rxc7 29. Rxc7+ Rd7 30. Rxd7+ Nxd7 31. Ke2 Nf6 32. Nc5 a5 33. Kd3
Ng4 34. Ke2 Nxh2 35. Bd3 Bf3+ 36. Ke3 Bc6 37. a3 Ng4+ 38. Ke2 Nf6 39. b4 axb4
40. axb4 Nd5 41. Na6 e4 42. Bb1 0-1

[Event "FBL W"]
[Site "Deutschland"]
[Date "2010.03.13"]
[Round "6.2"]
[White "Freter, Anke"]
[Black "Opaska, Ines"]
[Result "1-0"]
[WhiteElo "1951"]
[BlackElo "1838"]
[PlyCount "69"]
[EventDate "2009.11.07"]
[EventType "team"]
[EventCountry "GER"]
[WhiteTeam "SK Kaltenkirchen"]
[BlackTeam "SC Braunschweig Gliesmarode von"]

1. e4 d5 2. Nc3 dxe4 3. Nxe4 Bf5 4. Ng3 Bg6 5. f4 e6 6. Nf3 Bd6 7. d4 Ne7 8.
Bd3 Nbc6 9. Ne4 Nb4 10. Nxd6+ Qxd6 11. Bxg6 hxg6 12. c3 Nbd5 13. Ne5 Nf5 14.
Qd3 Qe7 15. g3 O-O-O 16. Bd2 c5 17. O-O-O Nb6 18. g4 Nh6 19. Qb5 Rd5 20. dxc5
Rxc5 21. Qe2 Na4 22. Be3 Nxc3 23. bxc3 Rxc3+ 24. Kb1 Qb4+ 25. Ka1 Kb8 26. Rb1
Qa3 27. Qb5 Rc7 28. Bc1 Qc3+ 29. Bb2 Qh3 30. Nd7+ Kc8 31. Rhc1 Qf3 32. Rxc7+
Kxc7 33. Be5+ Kd8 34. Nc5 Qc6 35. Nxb7+ 1-0

[Event "FBL W"]
[Site "Deutschland"]
[Date "2010.03.13"]
[Round "6.3"]
[White "Guennigmann, Laura"]
[Black "Zoellner, Ev Gislain"]
[Result "1-0"]
[WhiteElo "1881"]
[BlackElo "1972"]
[PlyCount "111"]
[EventDate "2009.11.07"]
[EventType "team"]
[EventCountry "GER"]
[WhiteTeam "SC Braunschweig Gliesmarode von"]
[BlackTeam "SK Kaltenkirchen"]

1. e4 e5 2. Nf3 Nc6 3. Bb5 d6 4. O-O Be7 5. c3 Nf6 6. Re1 O-O 7. d4 Bg4 8. d5
Nb8 9. Nbd2 Nbd7 10. Nf1 Nc5 11. Ng3 h6 12. b4 a6 13. Bc4 Ncd7 14. h3 Bh5 15.
Nf5 Bg6 16. N3h4 Nh5 17. Nxe7+ Qxe7 18. Nf5 Bxf5 19. exf5 Qh4 20. Bd3 Ndf6 21.
Qf3 Nf4 22. Be4 Qh5 23. Qxh5 N4xh5 24. c4 Nxe4 25. Rxe4 Nf6 26. Re2 Rfe8 27.
Bb2 Rac8 28. Rc1 Nd7 29. f4 f6 30. c5 Kf7 31. fxe5 Nxe5 32. Bxe5 Rxe5 33. Rxe5
dxe5 34. Kf2 Rd8 35. Rd1 b6 36. Ke3 bxc5 37. bxc5 Rb8 38. d6 c6 39. d7 Ke7 40.
Rd6 Rd8 41. Rxc6 Rxd7 42. Rxa6 Rc7 43. Ra5 Kd7 44. Kd3 Kc6 45. Kc4 Rd7 46. Ra6+
Kc7 47. Ra7+ Kc6 48. Rxd7 Kxd7 49. Kd5 Kc7 50. a4 h5 51. a5 Kd7 52. a6 Kc7 53.
a7 Kb7 54. a8=Q+ Kxa8 55. Kd6 e4 56. c6 1-0

[Event "FBL W"]
[Site "Deutschland"]
[Date "2010.03.13"]
[Round "6.1"]
[White "Wirths, Clara"]
[Black "Rudolph, Anna"]
[Result "1/2-1/2"]
[WhiteElo "2072"]
[BlackElo "2271"]
[PlyCount "26"]
[EventDate "2009.11.07"]
[EventType "team"]
[EventCountry "GER"]
[WhiteTeam "Schachverein Wattenscheid 1930"]
[BlackTeam "Schachverein Mülheim-Nord1931"]

1. e4 Nf6 2. e5 Nd5 3. Bc4 Nb6 4. Bb3 c5 5. d3 d5 6. exd6 Qxd6 7. Nf3 Bf5 8.
Nc3 a6 9. O-O e6 10. Nh4 Bg6 11. Qf3 Nc6 12. Bf4 Qd7 13. Rfe1 Be7 1/2-1/2

[Event "FBL W"]
[Site "Deutschland"]
[Date "2010.03.13"]
[Round "6.2"]
[White "Vovk, Oksana"]
[Black "Goihl, Mona"]
[Result "1/2-1/2"]
[WhiteElo "2145"]
[BlackElo "2101"]
[PlyCount "29"]
[EventDate "2009.11.07"]
[EventType "team"]
[EventCountry "GER"]
[WhiteTeam "Schachverein Mülheim-Nord1931"]
[BlackTeam "Schachverein Wattenscheid 1930"]

1. d4 Nf6 2. c4 g6 3. g3 Bg7 4. Bg2 d5 5. cxd5 Nxd5 6. Nf3 O-O 7. O-O Na6 8.
Nc3 Nxc3 9. bxc3 c5 10. Qb3 cxd4 11. cxd4 Nc5 12. Qb4 Na6 13. Qb3 Nc5 14. Qb4
Na6 15. Qb3 1/2-1/2

[Event "FBL W"]
[Site "Deutschland"]
[Date "2010.03.13"]
[Round "6.3"]
[White "Henrichs, Wenke"]
[Black "Vogel, Heike"]
[Result "0-1"]
[WhiteElo "2034"]
[BlackElo "2095"]
[PlyCount "74"]
[EventDate "2009.11.07"]
[EventType "team"]
[EventCountry "GER"]
[WhiteTeam "Schachverein Wattenscheid 1930"]
[BlackTeam "Schachverein Mülheim-Nord1931"]

1. d4 c5 2. d5 e5 3. c4 d6 4. Nc3 f5 5. g3 Nf6 6. Bg2 Be7 7. a3 O-O 8. Nf3 h6
9. Qc2 e4 10. Ng1 Nbd7 11. h4 Ne5 12. b3 Nh5 13. Nh3 Ng4 14. Bf4 Bf6 15. Rb1 e3
16. f3 Nf2 17. Nxf2 Nxf4 18. gxf4 Bxh4 19. Ncd1 exf2+ 20. Nxf2 Bg3 21. Qd2 Rf6
22. Rh3 Rg6 23. Kf1 Bd7 24. Nd3 Qf6 25. Qb2 Qe7 26. Qd2 Re8 27. b4 cxb4 28.
Rxb4 b6 29. Rh1 Rc8 30. e4 fxe4 31. fxe4 Qf6 32. f5 Rg5 33. Qb2 Qe7 34. Bf3 Rf8
35. Nf2 Bxf5 36. exf5 Rgxf5 37. Rb3 Rxf3 0-1

[Event "FBL W"]
[Site "Deutschland"]
[Date "2010.03.13"]
[Round "6.4"]
[White "Lazo, Xenia"]
[Black "Huppertz, Andrea"]
[Result "1-0"]
[WhiteElo "2124"]
[BlackElo "1865"]
[PlyCount "111"]
[EventDate "2009.11.07"]
[EventType "team"]
[EventCountry "GER"]
[WhiteTeam "Schachverein Mülheim-Nord1931"]
[BlackTeam "Schachverein Wattenscheid 1930"]

1. d4 d5 2. c4 c6 3. cxd5 cxd5 4. Nc3 Nf6 5. Bf4 Nc6 6. e3 Qb6 7. a3 Bf5 8. Bb5
a6 9. Bxc6+ bxc6 10. Na4 Qb5 11. Ne2 e6 12. O-O Rc8 13. Rc1 Ne4 14. f3 Nd6 15.
Nec3 Qb7 16. Qe2 Nb5 17. Rfd1 Be7 18. Nc5 Nxc3 19. Rxc3 Qb5 20. Qd2 Bxc5 21.
Rxc5 Qb6 22. Rdc1 Kd7 23. b4 f6 24. a4 g5 25. Bg3 h5 26. h3 g4 27. fxg4 hxg4
28. h4 Rh5 29. b5 axb5 30. axb5 Be4 31. bxc6+ Ke7 32. c7 Kf7 33. Rc6 Qb3 34.
Rd6 Rhh8 35. Qf2 Bf5 36. Qf4 Qb2 37. Rdc6 Qa3 38. R6c3 Qb2 39. Qf2 Qb7 40. Qa2
Qb5 41. Rb3 Qd7 42. Rb8 Rhe8 43. Qa6 Ke7 44. Rc6 Kf8 45. Rcb6 Kf7 46. Rxc8 Qxc8
47. Qxc8 Rxc8 48. Rb8 e5 49. Rxc8 Bxc8 50. dxe5 f5 51. h5 Be6 52. h6 Bc8 53.
Kf2 Kg6 54. Bf4 Kf7 55. g3 Kg6 56. Ke2 1-0

[Event "FBL W"]
[Site "Deutschland"]
[Date "2010.03.13"]
[Round "6.5"]
[White "Buechle, Regina"]
[Black "Roitburd, Marina"]
[Result "0-1"]
[WhiteElo "2000"]
[BlackElo "2036"]
[PlyCount "74"]
[EventDate "2009.11.07"]
[EventType "team"]
[EventCountry "GER"]
[WhiteTeam "Schachverein Wattenscheid 1930"]
[BlackTeam "Schachverein Mülheim-Nord1931"]

1. d4 Nf6 2. Nf3 g6 3. c4 Bg7 4. Nc3 d5 5. cxd5 Nxd5 6. e4 Nxc3 7. bxc3 c5 8.
Be3 Nc6 9. h3 O-O 10. Rc1 Qa5 11. Qd2 cxd4 12. cxd4 Qxd2+ 13. Kxd2 Rd8 14. d5
e6 15. Bc4 Na5 16. Rhd1 Nxc4+ 17. Rxc4 exd5 18. Ke1 Bxh3 19. exd5 Bxg2 20. Ke2
Rd6 21. Rc7 b6 22. Rd3 h5 23. Re7 Bf6 24. Rc7 h4 25. Bf4 Rdd8 26. d6 Bh3 27.
Ng5 Bd7 28. Kf3 Bb5 29. Rd2 Rd7 30. Ne4 Bd8 31. Bg5 Kg7 32. Bxd8 Raxd8 33. Kg4
f5+ 34. Kxh4 fxe4 35. Rd4 Rxc7 36. dxc7 Rc8 37. Rxe4 Rxc7 0-1

[Event "FBL W"]
[Site "Deutschland"]
[Date "2010.03.13"]
[Round "6.6"]
[White "Hund, Isabel"]
[Black "Kraus, Tanja"]
[Result "1/2-1/2"]
[WhiteElo "2072"]
[BlackElo "1954"]
[PlyCount "64"]
[EventDate "2009.11.07"]
[EventType "team"]
[EventCountry "GER"]
[WhiteTeam "Schachverein Mülheim-Nord1931"]
[BlackTeam "Schachverein Wattenscheid 1930"]

1. e4 Nf6 2. e5 Nd5 3. d4 d6 4. Nf3 Bg4 5. Be2 c6 6. c4 Nb6 7. b3 Bxf3 8. Bxf3
dxe5 9. dxe5 Qc7 10. Qe2 e6 11. O-O N8d7 12. Re1 Bb4 13. Bd2 Bxd2 14. Nxd2 O-O
15. Qe3 c5 16. Bd1 Nc8 17. Bc2 Ne7 18. Nf3 Nc6 19. Rad1 Rfd8 20. h4 b6 21. h5
Nf8 22. h6 g6 23. Qf4 Qe7 24. Be4 Rxd1 25. Rxd1 Rd8 26. Rd6 Nxe5 27. Rxd8 Nxf3+
28. Bxf3 Qxd8 29. Qe4 Qg5 30. Qb7 Qc1+ 31. Kh2 Qxh6+ 32. Kg1 Qc1+ 1/2-1/2

[Event "FBL W"]
[Site "Deutschland"]
[Date "2010.03.14"]
[Round "7.2"]
[White "Kickert, Germaine Helene"]
[Black "Freter, Anke"]
[Result "1/2-1/2"]
[WhiteElo "1972"]
[BlackElo "1951"]
[PlyCount "53"]
[EventDate "2009.11.07"]
[EventType "team"]
[EventCountry "GER"]
[WhiteTeam "Delmenhorster SK V 1931"]
[BlackTeam "SK Kaltenkirchen"]

1. e4 c5 2. Nf3 Nc6 3. d4 cxd4 4. Nxd4 Nf6 5. Nc3 a6 6. Nxc6 dxc6 7. Qxd8+ Kxd8
8. Bc4 e6 9. Bg5 h6 10. O-O-O+ Bd7 11. Bxf6+ gxf6 12. Na4 b5 13. Nb6 Ra7 14.
Nxd7 Rxd7 15. Rxd7+ Kxd7 16. Rd1+ Kc7 17. Bb3 Bc5 18. Rd2 Rg8 19. g3 h5 20. h4
Rd8 21. Re2 Rd4 22. c3 Rd3 23. Bd1 Rf3 24. Rc2 Rxf2 25. Rxf2 Bxf2 26. Bxh5 Bxg3
27. Bxf7 1/2-1/2

[Event "FBL W"]
[Site "Deutschland"]
[Date "2010.03.14"]
[Round "7.1"]
[White "Rudolph, Anna"]
[Black "Ivannikova, Svetlana"]
[Result "1-0"]
[WhiteElo "2271"]
[BlackElo "2159"]
[PlyCount "91"]
[EventDate "2009.11.07"]
[EventType "team"]
[EventCountry "GER"]
[WhiteTeam "Schachverein Mülheim-Nord1931"]
[BlackTeam "Dortmunder Schachverein 1875"]

1. e4 c6 2. d4 d5 3. Nc3 dxe4 4. Nxe4 Bf5 5. Ng3 Bg6 6. Nf3 e6 7. h4 h6 8. h5
Bh7 9. Bd3 Nf6 10. Bxh7 Nxh7 11. Qd3 Bd6 12. Ne4 Na6 13. c3 Nf6 14. Bd2 Nxe4
15. Qxe4 Qf6 16. g4 O-O-O 17. g5 Qe7 18. gxh6 gxh6 19. O-O-O Rdg8 20. Ne5 Bxe5
21. Qxe5 Nc7 22. Rdg1 f6 23. Rxg8+ Rxg8 24. Qa5 Qg7 25. Qa4 Qg2 26. Qd1 Qxf2
27. Bxh6 Nd5 28. Bd2 Ne3 29. Qe1 Qxe1+ 30. Rxe1 Nc4 31. Rxe6 Nxd2 32. Kxd2 Rh8
33. Rxf6 Rxh5 34. Re6 Kd7 35. Re2 Rh3 36. a4 a5 37. Rg2 b6 38. Kc2 Rh7 39. Rg6
Rf7 40. d5 cxd5 41. Rxb6 Rf4 42. Kb3 d4 43. cxd4 Rxd4 44. Rb5 Rd3+ 45. Kc4 Rd2
46. Rd5+ 1-0

[Event "FBL W"]
[Site "Deutschland"]
[Date "2010.03.14"]
[Round "7.2"]
[White "Mass, Elvira"]
[Black "Vovk, Oksana"]
[Result "1/2-1/2"]
[WhiteElo "1981"]
[BlackElo "2145"]
[PlyCount "27"]
[EventDate "2009.11.07"]
[EventType "team"]
[EventCountry "GER"]
[WhiteTeam "Dortmunder Schachverein 1875"]
[BlackTeam "Schachverein Mülheim-Nord1931"]

1. e4 e6 2. d4 d5 3. exd5 exd5 4. Bd3 Bd6 5. Qf3 c6 6. Ne2 Be6 7. O-O Nf6 8. h3
Nbd7 9. Bf4 Nf8 10. Re1 Ng6 11. Bg5 Qa5 12. Nd2 O-O 13. Nb3 Qd8 14. Bxf6
1/2-1/2

[Event "FBL W"]
[Site "Deutschland"]
[Date "2010.03.14"]
[Round "7.1"]
[White "Kopylova, Ljubov"]
[Black "Bluebaum, Johanna"]
[Result "0-1"]
[WhiteElo "2196"]
[BlackElo "1963"]
[PlyCount "128"]
[EventDate "2009.11.07"]
[EventType "team"]
[EventCountry "GER"]
[WhiteTeam "SK Doppelbauer Kiel"]
[BlackTeam "SC Braunschweig Gliesmarode von"]

1. d4 Nf6 2. c4 c6 3. Nc3 d5 4. cxd5 cxd5 5. Nf3 Nc6 6. Bf4 a6 7. e3 Bg4 8. Be2
e6 9. O-O Be7 10. Qb3 Na5 11. Qa4+ b5 12. Bxb5+ axb5 13. Nxb5 O-O 14. Bc7 Qd7
15. Bxa5 Rfb8 16. b4 Qxb5 17. Qxb5 Rxb5 18. a4 Rb7 19. Rfc1 Nd7 20. Ne1 Bxb4
21. Bxb4 Rxb4 22. a5 h6 23. Rc6 e5 24. h3 Be6 25. Nc2 Rc4 26. Rxc4 dxc4 27. Nb4
exd4 28. exd4 c3 29. d5 Bf5 30. Nc6 Kf8 31. f3 Nc5 32. Nd4 Bd3 33. Rc1 c2 34.
d6 Rxa5 35. Nxc2 Bxc2 36. Rxc2 Ke8 37. Re2+ Ne6 38. Rb2 Ra7 39. Kf2 Kd7 40. Rd2
Ra6 41. Kg3 Rxd6 42. Ra2 Ke7 43. Ra7+ Kf6 44. Ra2 Rd4 45. Kf2 g5 46. Ke3 Rb4
47. Kf2 h5 48. Ke3 h4 49. Kf2 Ke5 50. g3 hxg3+ 51. Kxg3 Kf5 52. Ra5+ Kg6 53.
Ra6 Rh4 54. Kg2 Kh5 55. Ra7 Nf4+ 56. Kf2 Kg6 57. Ra6+ f6 58. Ra8 Rxh3 59. Ke3
Rh2 60. Kd4 Rf2 61. Ke3 Re2+ 62. Kd4 Kf5 63. Rg8 Re5 64. Rg7 Ne6+ 0-1

[Event "FBL W"]
[Site "Deutschland"]
[Date "2010.03.14"]
[Round "7.2"]
[White "Opaska, Ines"]
[Black "Rath, Alina"]
[Result "1/2-1/2"]
[WhiteElo "1838"]
[BlackElo "1939"]
[PlyCount "43"]
[EventDate "2009.11.07"]
[EventType "team"]
[EventCountry "GER"]
[WhiteTeam "SC Braunschweig Gliesmarode von"]
[BlackTeam "SK Doppelbauer Kiel"]

1. f4 c5 2. Nf3 Nc6 3. g3 g6 4. Bg2 Bg7 5. e4 e5 6. Nc3 Nge7 7. d3 d6 8. Nh4 f5
9. fxe5 dxe5 10. exf5 Nxf5 11. Nxf5 Bxf5 12. Ne4 O-O 13. O-O Rc8 14. g4 Be6 15.
Be3 b6 16. Rxf8+ Qxf8 17. Ng5 Qe7 18. Qf3 h6 19. Nxe6 Qxe6 20. Qd5 Qxd5 21.
Bxd5+ Kh7 22. c3 1/2-1/2

[Event "FBL W"]
[Site "Deutschland"]
[Date "2010.03.14"]
[Round "7.3"]
[White "Hielscher, Ursula"]
[Black "Guennigmann, Laura"]
[Result "0-1"]
[WhiteElo "1883"]
[BlackElo "1881"]
[PlyCount "96"]
[EventDate "2009.11.07"]
[EventType "team"]
[EventCountry "GER"]
[WhiteTeam "SK Doppelbauer Kiel"]
[BlackTeam "SC Braunschweig Gliesmarode von"]

1. d4 d5 2. c4 e6 3. Nc3 Nf6 4. Bg5 Nbd7 5. Nf3 Bb4 6. e3 c5 7. a3 Bxc3+ 8.
bxc3 Qa5 9. Qc2 Ne4 10. Bd3 Nxg5 11. Nxg5 cxd4 12. cxd5 Qxd5 13. Nf3 dxe3 14.
fxe3 Ne5 15. Be4 Nxf3+ 16. gxf3 Qc5 17. Ke2 Bd7 18. c4 Rc8 19. Bxb7 Qxc4+ 20.
Qxc4 Rxc4 21. Rab1 Ke7 22. Kd3 Rc5 23. Kd4 Ra5 24. Rb3 e5+ 25. Kd3 Be6 26. Rc3
Rd8+ 27. Ke2 Rb5 28. Rc7+ Kf6 29. Kf2 Rd2+ 30. Kg3 Rbb2 31. f4 exf4+ 32. Kxf4
Rxh2 33. Rxh2 Rxh2 34. Be4 Rh4+ 35. Kf3 Rh3+ 36. Kf2 Rh2+ 37. Kg3 Rh3+ 38. Kf2
a5 39. Rc5 a4 40. Ra5 Bb3 41. Rf5+ Ke6 42. Ra5 Rh2+ 43. Kg3 Ra2 44. Bxh7 g6 45.
Bg8 Kf6 46. Ra7 Rxa3 47. Kf4 Ra1 48. Ke4 Kg7 0-1

[Event "FBL W"]
[Site "Deutschland"]
[Date "2010.03.14"]
[Round "7.5"]
[White "Willrodt, Sonja"]
[Black "Steiner, Susanne"]
[Result "1-0"]
[WhiteElo "1876"]
[BlackElo "1765"]
[PlyCount "79"]
[EventDate "2009.11.07"]
[EventType "team"]
[EventCountry "GER"]
[WhiteTeam "SK Doppelbauer Kiel"]
[BlackTeam "SC Braunschweig Gliesmarode von"]

1. Nf3 Nf6 2. d3 d5 3. g3 g6 4. Bg2 Bg7 5. c3 O-O 6. Nbd2 c6 7. O-O Nbd7 8. e4
e5 9. Ne1 Nc5 10. Nb3 Ne6 11. Qe2 Qc7 12. f4 dxe4 13. dxe4 Nd7 14. f5 Nec5 15.
Nxc5 Nxc5 16. f6 Bh8 17. g4 Ne6 18. g5 Rd8 19. Nd3 b6 20. Nb4 a5 21. Nc2 Ba6
22. c4 Rd7 23. h4 Rad8 24. Be3 Nf4 25. Bxf4 exf4 26. e5 Rd2 27. Qe4 Re8 28.
Rae1 c5 29. Rf2 Rxf2 30. Kxf2 h6 31. Qxf4 Qd7 32. Bd5 hxg5 33. Qxg5 Qf5+ 34.
Qxf5 gxf5 35. Kf3 Rd8 36. Ne3 Bc8 37. Kf4 Be6 38. Nxf5 Kf8 39. Nh6 Bxd5 40. Rg1
1-0

[Event "FBL W"]
[Site "Deutschland"]
[Date "2010.03.14"]
[Round "7.1"]
[White "Apkhaidze, Natia"]
[Black "Wirths, Clara"]
[Result "1-0"]
[WhiteElo "2184"]
[BlackElo "2072"]
[PlyCount "67"]
[EventDate "2009.11.07"]
[EventType "team"]
[EventCountry "GER"]
[WhiteTeam "Schachclub Steinfurt 1996"]
[BlackTeam "Schachverein Wattenscheid 1930"]

1. c4 e5 2. Nc3 Nc6 3. g3 Nf6 4. Bg2 d6 5. d3 Be6 6. Nd5 Qd7 7. Bg5 Be7 8. Nxe7
Qxe7 9. Qa4 Bd7 10. Bh3 Bxh3 11. Nxh3 Qe6 12. Ng1 Qf5 13. Nf3 O-O 14. Bxf6 Qxf6
15. O-O Nd4 16. Nxd4 exd4 17. Qd7 Rac8 18. Rae1 Rfe8 19. e3 dxe3 20. Rxe3 Red8
21. Qb5 b6 22. Rfe1 g6 23. Re7 Kf8 24. R7e4 c6 25. Qa4 a5 26. Qb3 Rb8 27. Rf4
Qg7 28. Re6 Kg8 29. Re7 Re8 30. Rxe8+ Rxe8 31. Qxb6 Rc8 32. Qb7 Rd8 33. Qe7 Qf8
34. Rxf7 1-0

[Event "FBL W"]
[Site "Deutschland"]
[Date "2010.03.14"]
[Round "7.2"]
[White "Goihl, Mona"]
[Black "Sarana Hungeling, Oksana"]
[Result "1/2-1/2"]
[WhiteElo "2101"]
[BlackElo "2237"]
[PlyCount "24"]
[EventDate "2009.11.07"]
[EventType "team"]
[EventCountry "GER"]
[WhiteTeam "Schachverein Wattenscheid 1930"]
[BlackTeam "Schachclub Steinfurt 1996"]

1. e4 e6 2. d4 d5 3. exd5 exd5 4. Nf3 Nc6 5. h3 Bd6 6. c4 Nf6 7. Nc3 O-O 8. c5
Re8+ 9. Be2 Bf8 10. O-O Ne4 11. Bb5 a6 12. Ba4 Nxc3 1/2-1/2

[Event "FBL W"]
[Site "Deutschland"]
[Date "2010.03.14"]
[Round "7.3"]
[White "Freitag, Julia"]
[Black "Henrichs, Wenke"]
[Result "1-0"]
[WhiteElo "2202"]
[BlackElo "2034"]
[PlyCount "103"]
[EventDate "2009.11.07"]
[EventType "team"]
[EventCountry "GER"]
[WhiteTeam "Schachclub Steinfurt 1996"]
[BlackTeam "Schachverein Wattenscheid 1930"]

1. d4 Nf6 2. e3 g6 3. f4 Bg7 4. Nf3 O-O 5. c3 d6 6. Bc4 c5 7. O-O Nc6 8. a4 e5
9. dxe5 dxe5 10. Qxd8 Rxd8 11. Nxe5 Be6 12. Bxe6 fxe6 13. Nxc6 bxc6 14. Nd2 Rd3
15. e4 Rad8 16. e5 Ng4 17. Ne4 Rd1 18. h3 Nh6 19. Be3 Rxf1+ 20. Kxf1 Bf8 21. g4
Rb8 22. Rb1 Nf7 23. Nxc5 Bxc5 24. Bxc5 g5 25. Be3 gxf4 26. Bxf4 h5 27. Ke2 hxg4
28. hxg4 Kg7 29. Kf3 Nh8 30. Ke4 Ng6 31. Bg5 Nf8 32. Bf6+ Kg6 33. g5 Nd7 34. b4
Nc5+ 35. Kd4 Nxa4 36. Ra1 Nb6 37. Rxa7 Nd5 38. Ra6 Rc8 39. Kc5 Nxc3 40. Rxc6
Ne4+ 41. Kb6 Rb8+ 42. Ka5 Kf5 43. b5 Nxf6 44. exf6 e5 45. f7 Kxg5 46. Re6 Rf8
47. Rxe5+ Kf6 48. Re8 Rxf7 49. b6 Rd7 50. Ka6 Kf7 51. Re4 Rd1 52. b7 1-0

[Event "FBL W"]
[Site "Deutschland"]
[Date "2010.03.14"]
[Round "7.4"]
[White "Huppertz, Andrea"]
[Black "Stroessner, Lena"]
[Result "1/2-1/2"]
[WhiteElo "1865"]
[BlackElo "1971"]
[PlyCount "86"]
[EventDate "2009.11.07"]
[EventType "team"]
[EventCountry "GER"]
[WhiteTeam "Schachverein Wattenscheid 1930"]
[BlackTeam "Schachclub Steinfurt 1996"]

1. d4 d5 2. Bf4 Nf6 3. e3 c5 4. c3 Nc6 5. Nd2 cxd4 6. exd4 g6 7. Be2 Bg7 8. h4
h5 9. Ngf3 Ng4 10. Bb5 O-O 11. Qe2 Re8 12. Bxc6 bxc6 13. Ne5 Nxe5 14. Bxe5 f6
15. Bf4 e5 16. Be3 c5 17. dxe5 Rxe5 18. Nf3 Re8 19. Qd2 Bb7 20. O-O Qd6 21. Bf4
Qb6 22. Bh6 Rad8 23. Bxg7 Kxg7 24. Rfe1 Re4 25. Re2 Rde8 26. Rae1 Qe6 27. Rxe4
dxe4 28. b3 Qg4 29. Nh2 e3 30. fxe3 Qxh4 31. Qd7+ Kh6 32. Qxe8 Qxe1+ 33. Nf1
Qxc3 34. Qf8+ Kg5 35. Qd6 Qe5 36. Qd2 Qd5 37. Qf2 Kh6 38. Ng3 Qd1+ 39. Kh2 Qd6
40. Kg1 Qe5 41. Nf1 Qg5 42. Nh2 Qf5 43. Qd2 g5 1/2-1/2

[Event "FBL W"]
[Site "Deutschland"]
[Date "2010.03.14"]
[Round "7.5"]
[White "Amirezashvili, Maia"]
[Black "Buechle, Regina"]
[Result "1/2-1/2"]
[WhiteElo "1947"]
[BlackElo "2000"]
[PlyCount "33"]
[EventDate "2009.11.07"]
[EventType "team"]
[EventCountry "GER"]
[WhiteTeam "Schachclub Steinfurt 1996"]
[BlackTeam "Schachverein Wattenscheid 1930"]

1. e4 c5 2. Nf3 d6 3. d4 cxd4 4. Nxd4 Nf6 5. Nc3 e6 6. Be2 Nc6 7. O-O Be7 8.
Kh1 O-O 9. f4 a6 10. Bf3 Qc7 11. a4 Bd7 12. Nb3 Rac8 13. a5 Nb4 14. Be3 Bc6 15.
Qd2 d5 16. Bb6 Qb8 17. Nc5 1/2-1/2